[Event "BCF-chT4S 1920 (4NCL)"]
[Site "England"]
[Date "2019.11.10"]
[Round "2.92"]
[White "Henbest, Kevin B"]
[Black "Tivillier, Jacques"]
[Result "0-1"]
[WhiteElo "1649"]
[BlackElo "1922"]
[PlyCount "66"]
[EventDate "2019.11.09"]
[EventType "team-swiss"]
[EventRounds "11"]
[EventCountry "ENG"]
[SourceTitle "EXT 2022"]
[Source "ChessBase"]
[SourceDate "2021.10.06"]
[SourceVersion "1"]
[SourceVersionDate "2021.10.06"]
[SourceQuality "1"]
[WhiteTeam "Oxford V"]
[BlackTeam "Celtic Tigers II"]
[WhiteTeamCountry "ENG"]
[BlackTeamCountry "ENG"]

1. e4 c5 2. Nf3 d6 3. d4 cxd4 4. Nxd4 Nf6 5. Nc3 a6 6. f4 Qc7 7. Bd3 e6 8. 0-0 b5 9. a3 Bb7 10. Nf3 Nbd7 11. Kh1 Be7 12. Qe1 Nc5 13. b4 Nxd3 14. cxd3 0-0 15. Bd2 Rfe8 16. Nh4 Qd8 17. Nf3 Bf8 18. h3 e5 19. f5 d5 20. g4 dxe4 21. dxe4 Qd3 22. g5 Nxe4 23. Nxe4 Bxe4 24. Kg2 Rad8 25. Rd1 Bxf5 26. Kh2 e4 27. Nh4 Qxh3+ 28. Kg1 Qg4+ 29. Kh1 Rd3 30. Ng2 Bd6 31. Nf4 Rh3+ 32. Nxh3 Qxh3+ 33. Kg1 Qh2# 0-1

[Event "BCF-chT4S 1718 (4NCL)"]
[Site "England"]
[Date "2018.02.10"]
[Round "5.74"]
[White "Henbest, Kevin B"]
[Black "Sivarajasingam, Venetia"]
[Result "0-1"]
[WhiteElo "1666"]
[BlackElo "1713"]
[PlyCount "58"]
[EventDate "2017.11.11"]
[EventType "team-swiss"]
[EventRounds "11"]
[EventCountry "ENG"]
[SourceTitle "EXT 2020"]
[Source "ChessBase"]
[SourceDate "2019.10.17"]
[SourceVersion "1"]
[SourceVersionDate "2019.10.17"]
[SourceQuality "1"]
[WhiteTeam "Oxford IV"]
[BlackTeam "Fischer's Catch"]
[WhiteTeamCountry "ENG"]
[BlackTeamCountry "WLS"]

1. e4 e6 2. d4 d5 3. Nc3 dxe4 4. Nxe4 Nd7 5. Nf3 Ngf6 6. Bg5 Be7 7. Bd3 Nxe4 8. Bxe7 Qxe7 9. Bxe4 Nf6 10. Bd3 Qb4+ 11. Qd2 Qxb2 12. 0-0 0-0 13. Rfb1 Qa3 14. Rb3 Qd6 15. Rb5 b6 16. Rg5 h6 17. Rg3 Kh8 18. c3 Bb7 19. Re1 c5 20. Bc2 Rad8 21. Rh3 Ng4 22. Ne5 Qd5 23. Be4 Qxe5 24. Bxb7 Qd6 25. Re4 f5 26. Re2 cxd4 27. Rd3 Qc7 28. Ba6 dxc3 29. Qc2 Qxh2+ 0-1

[Event "BCF-chT4S 1718 (4NCL)"]
[Site "England"]
[Date "2018.01.13"]
[Round "3.86"]
[White "Henbest, Kevin B"]
[Black "Thatte, Nilesh"]
[Result "1-0"]
[WhiteElo "1666"]
[BlackElo "1173"]
[PlyCount "69"]
[EventDate "2017.11.11"]
[EventType "team-swiss"]
[EventRounds "11"]
[EventCountry "ENG"]
[SourceTitle "EXT 2020"]
[Source "ChessBase"]
[SourceDate "2019.10.17"]
[SourceVersion "1"]
[SourceVersionDate "2019.10.17"]
[SourceQuality "1"]
[WhiteTeam "Oxford IV"]
[BlackTeam "Iceni III"]
[WhiteTeamCountry "ENG"]
[BlackTeamCountry "ENG"]

1. e4 e5 2. Nf3 Nc6 3. Bb5 d6 4. d4 a6 5. Bxc6+ bxc6 6. dxe5 Bg4 7. Bf4 Qe7 8. Qd4 Bxf3 9. gxf3 Rd8 10. exd6 cxd6 11. Nc3 Qh4 12. Bg3 Qh6 13. Rd1 Be7 14. Qb6 Rc8 15. Qxa6 Qe6 16. Ne2 Nf6 17. Nd4 Qd7 18. Nf5 0-0 19. Nxe7+ Kh8 20. Nxc8 Rxc8 21. Rxd6 Qe8 22. Qd3 c5 23. c4 h6 24. Bh4 Ra8 25. Bxf6 gxf6 26. Rxf6 Qf8 27. Qc3 Kh7 28. a3 Qg7 29. Kf1 Rd8 30. Ke2 Rg8 31. Rd1 Rf8 32. Rdd6 Rh8 33. Rxh6+ Kg8 34. Rd8+ Qf8 35. Qxh8# 1-0

[Event "BCF-chT3S 1314 (4NCL)"]
[Site "England"]
[Date "2014.01.12"]
[Round "4.229"]
[White "Henbest, Kevin B"]
[Black "Balouka Myers, Gabriel"]
[Result "1/2-1/2"]
[WhiteElo "1695"]
[BlackElo "1597"]
[PlyCount "36"]
[EventDate "2013.11.16"]
[EventType "team-swiss"]
[EventRounds "6"]
[EventCountry "ENG"]
[SourceTitle "EXT 2015"]
[Source "ChessBase"]
[SourceDate "2014.11.20"]
[SourceVersion "1"]
[SourceVersionDate "2014.11.20"]
[SourceQuality "1"]
[WhiteTeam "Oxford III"]
[BlackTeam "Barnet Knights"]
[WhiteTeamCountry "ENG"]
[BlackTeamCountry "ENG"]

1. e4 c6 2. Nc3 d5 3. Nf3 Bg4 4. h3 Bh5 5. g4 Bg6 6. exd5 cxd5 7. Bb5+ Nc6 8. Ne5 Qc7 9. Nxg6 hxg6 10. Qe2 0-0-0 11. Bxc6 Qxc6 12. d4 e6 13. Qb5 Qxb5 14. Nxb5 a6 15. Nc3 Nf6 16. Bg5 Bb4 17. Bxf6 gxf6 18. a3 Bxc3+ 1/2-1/2

[Event "BCF-chT3S 1314 (4NCL)"]
[Site "England"]
[Date "2013.11.17"]
[Round "2.188"]
[White "Golding, James"]
[Black "Henbest, Kevin B"]
[Result "1-0"]
[WhiteElo "1499"]
[BlackElo "1709"]
[PlyCount "93"]
[EventDate "2013.11.16"]
[EventType "team-swiss"]
[EventRounds "6"]
[EventCountry "ENG"]
[SourceTitle "CBM 157 Extra"]
[Source "ChessBase"]
[SourceDate "2013.12.19"]
[SourceVersion "1"]
[SourceVersionDate "2013.12.19"]
[SourceQuality "1"]
[WhiteTeam "Sandhurst Scorpions"]
[BlackTeam "Oxford III"]
[WhiteTeamCountry "ENG"]
[BlackTeamCountry "ENG"]

1. d4 Nf6 2. c4 g6 3. f3 Bg7 4. Nc3 0-0 5. e4 d6 6. Be3 b6 7. Qd2 Re8 8. 0-0-0 Na6 9. a3 c5 10. d5 Nc7 11. Bd3 a6 12. Nge2 Rb8 13. Bh6 Bh8 14. h4 b5 15. h5 bxc4 16. Bxc4 Nb5 17. hxg6 fxg6 18. Rh2 Nxc3 19. Nxc3 Qa5 20. g4 Nd7 21. f4 Nb6 22. Ba2 Na4 23. Nxa4 Qxa4 24. Qd3 Bd4 25. Qh3 Qb5 26. Rdd2 e5 27. dxe6 Bxe6 28. Bxe6+ Rxe6 29. Rhe2 Qc4+ 30. Rc2 Bxb2+ 31. Kd1 Qa4 32. Qd3 Bd4 33. f5 Rb1+ 34. Bc1 gxf5 35. gxf5 Rh6 36. Re1 Rh2 37. Qg3+ Kh8 38. Qxh2 Qxa3 39. Qe2 Qb3 40. Qxa6 Bb2 41. Qc8+ Kg7 42. Rg1+ Kf6 43. Qh8+ Ke7 44. Qxh7+ Kf6 45. Rg6+ Ke5 46. Qe7+ Kd4 47. Rxd6+ 1-0

[Event "Jersey op"]
[Site "St Clement Bay"]
[Date "2013.03.08"]
[Round "4"]
[White "Clark, Ian C"]
[Black "Henbest, Kevin B"]
[Result "1-0"]
[WhiteElo "2046"]
[BlackElo "1729"]
[PlyCount "151"]
[EventDate "2013.03.06"]
[EventType "swiss"]
[EventRounds "9"]
[EventCountry "GCI"]
[SourceTitle "CBM 153 Extra"]
[Source "ChessBase"]
[SourceDate "2013.04.22"]
[SourceVersion "1"]
[SourceVersionDate "2013.04.22"]
[SourceQuality "1"]

1. e4 c5 2. Nf3 d6 3. d4 cxd4 4. Nxd4 Nf6 5. Nc3 a6 6. Be3 e5 7. Nb3 Be6 8. Be2 Nbd7 9. 0-0 b5 10. a3 Nb6 11. Qd2 Rc8 12. h3 Nc4 13. Bxc4 Rxc4 14. Rfd1 Nxe4 15. Nxe4 Rxe4 16. Nc5 Rxe3 17. Nxe6 fxe6 18. Qxe3 Be7 19. Qf3 Qc8 20. Rd2 d5 21. Qh5+ Kd7 22. Qxe5 Bf6 23. Qe3 Bxb2 24. Re1 Re8 25. Rd3 Bf6 26. Qa7+ Kd8 27. Qb6+ Kd7 28. Re2 h6 29. Rde3 Bd8 30. Qa7+ Bc7 31. Qd4 Re7 32. Qg4 Kd6 33. a4 Bb6 34. Rb3 Qc6 35. axb5 axb5 36. Qf3 Kd7 37. Qd3 Qc4 38. Rxb5 Qxd3 39. cxd3 Kc6 40. Rb3 Bd4 41. Rc2+ Kd6 42. Ra3 Ke5 43. Ra4 Ba7 44. d4+ Kf5 45. Re2 g5 46. g4+ Kf6 47. Re3 Bb8 48. Ra6 Ba7 49. Rexe6+ Rxe6 50. Rxa7 Re4 51. Ra6+ Kg7 52. Ra4 Kg6 53. Kg2 Rf4 54. Kg3 Kg7 55. f3 Kg6 56. Kf2 Rf6 57. Ra5 Rd6 58. Kg3 Kf6 59. Ra8 Kg7 60. Re8 Kf7 61. Re5 Kf6 62. h4 Kg6 63. h5+ Kf6 64. f4 gxf4+ 65. Kxf4 Rd8 66. g5+ hxg5+ 67. Rxg5 Kf7 68. Ke5 Ra8 69. Rf5+ Kg7 70. Kxd5 Kh6 71. Kc6 Rd8 72. d5 Rc8+ 73. Kd7 Rc5 74. Ke6 Ra5 75. d6 Ra6 76. Ke7 1-0

[Event "Jersey op"]
[Site "St Clement Bay"]
[Date "2013.03.07"]
[Round "2"]
[White "Rausis, Igors"]
[Black "Henbest, Kevin B"]
[Result "1-0"]
[WhiteElo "2518"]
[BlackElo "1729"]
[PlyCount "53"]
[EventDate "2013.03.06"]
[EventType "swiss"]
[EventRounds "9"]
[EventCountry "GCI"]
[SourceTitle "CBM 153 Extra"]
[Source "ChessBase"]
[SourceDate "2013.04.22"]
[SourceVersion "1"]
[SourceVersionDate "2013.04.22"]
[SourceQuality "1"]

1. e4 c5 2. Nf3 d6 3. d4 cxd4 4. Qxd4 a6 5. c4 Nc6 6. Qe3 e5 7. Nc3 Nf6 8. Be2 h6 9. 0-0 Ng4 10. Qd3 Be6 11. Nd5 g6 12. h3 h5 13. hxg4 hxg4 14. Bg5 Be7 15. Bxe7 Nxe7 16. Nh2 f5 17. exf5 gxf5 18. Rfd1 Ng6 19. Bxg4 Qh4 20. Qh3 fxg4 21. Qxh4 Rxh4 22. Nc7+ Kf7 23. Nxa8 Nf4 24. Nb6 Ne2+ 25. Kf1 Rxh2 26. Kxe2 g3 27. Kf3 1-0

[Event "BCF-chT3S 1213 (4NCL)"]
[Site "England"]
[Date "2013.02.23"]
[Round "5.168"]
[White "Fogg, Martin"]
[Black "Henbest, Kevin B"]
[Result "1-0"]
[WhiteElo "1942"]
[BlackElo "1729"]
[PlyCount "57"]
[EventDate "2012.11.03"]
[EventType "team-swiss"]
[EventRounds "6"]
[EventCountry "ENG"]
[SourceTitle "EXT 2014"]
[Source "ChessBase"]
[SourceDate "2013.11.20"]
[SourceVersion "1"]
[SourceVersionDate "2013.11.20"]
[SourceQuality "1"]
[WhiteTeam "Anglian Avengers III"]
[BlackTeam "Oxford III"]
[WhiteTeamCountry "ENG"]
[BlackTeamCountry "ENG"]

1. e4 c5 2. Nf3 d6 3. d4 cxd4 4. Nxd4 Nf6 5. Nc3 a6 6. Be3 e5 7. Nb3 Be6 8. Qd2 Be7 9. f3 Nbd7 10. 0-0-0 b5 11. g4 Nb6 12. Bxb6 Qxb6 13. g5 b4 14. Na4 Qc6 15. gxf6 Qxa4 16. fxe7 Kxe7 17. Qxd6+ Kf6 18. f4 exf4 19. e5+ Kg5 20. Rg1+ Kh6 21. Qe7 g6 22. Qh4+ Kg7 23. Qf6+ Kg8 24. Bg2 Re8 25. Rd8 Rxd8 26. Qxd8+ Kg7 27. Qf6+ Kg8 28. Rd1 Bd7 29. Nc5 1-0

[Event "BCF-chT3S 1213 (4NCL)"]
[Site "England"]
[Date "2013.01.12"]
[Round "3.178"]
[White "Fallowfield, Jeremy"]
[Black "Henbest, Kevin B"]
[Result "1-0"]
[WhiteElo "2023"]
[BlackElo "1729"]
[PlyCount "43"]
[EventDate "2012.11.03"]
[EventType "team-swiss"]
[EventRounds "6"]
[EventCountry "ENG"]
[SourceTitle "EXT 2014"]
[Source "ChessBase"]
[SourceDate "2013.11.20"]
[SourceVersion "1"]
[SourceVersionDate "2013.11.20"]
[SourceQuality "1"]
[WhiteTeam "Warwicks Select II"]
[BlackTeam "Oxford III"]
[WhiteTeamCountry "ENG"]
[BlackTeamCountry "ENG"]

1. e4 c5 2. Nc3 d6 3. f4 g6 4. Nf3 Bg7 5. Bb5+ Bd7 6. Bc4 e6 7. d4 cxd4 8. Nxd4 a6 9. Bb3 Nc6 10. Be3 b5 11. f5 exf5 12. 0-0 Nh6 13. exf5 0-0 14. Nxc6 Bxc6 15. f6 Bxf6 16. Bxh6 Qb6+ 17. Kh1 Bg7 18. Bxg7 Kxg7 19. Bd5 Rac8 20. Bxc6 Qxc6 21. Qd4+ Kg8 22. Nd5 1-0

[Event "BCF-chT3S 1112 (4NCL)"]
[Site "England"]
[Date "2012.01.15"]
[Round "4.2"]
[White "Adams, Mark"]
[Black "Henbest, Kevin B"]
[Result "1-0"]
[WhiteElo "2007"]
[BlackElo "1725"]
[PlyCount "77"]
[EventDate "2011.11.12"]
[EventType "team-swiss"]
[EventRounds "6"]
[EventCountry "ENG"]
[SourceTitle "EXT 2013"]
[Source "ChessBase"]
[SourceDate "2012.11.22"]
[SourceVersion "1"]
[SourceVersionDate "2012.11.22"]
[SourceQuality "1"]
[WhiteTeam "The Full Ponty"]
[BlackTeam "Oxford III"]
[WhiteTeamCountry "ENG"]
[BlackTeamCountry "ENG"]

1. e4 c5 2. Nf3 d6 3. d4 cxd4 4. Nxd4 Nf6 5. Nc3 a6 6. Be3 e5 7. Nb3 h6 8. f3 Be6 9. Qd2 Nbd7 10. g4 Nb6 11. 0-0-0 d5 12. Bxb6 Qxb6 13. Nxd5 Bxd5 14. exd5 Rd8 15. Qe2 Qc7 16. Bg2 Nxd5 17. Rhe1 f6 18. Qe4 Nf4 19. Qxf4 Rxd1+ 20. Kxd1 Bd6 21. Qe4 0-0 22. Bf1 b5 23. Bd3 g5 24. Qg6+ Qg7 25. Qxg7+ Kxg7 26. Nd2 h5 27. h3 hxg4 28. hxg4 Rh8 29. Ne4 Bb4 30. c3 Be7 31. Ng3 Bc5 32. Rh1 Rd8 33. Kc2 Bf2 34. Nf5+ Kf7 35. Rh7+ Ke6 36. Re7+ Kd5 37. Be4+ Kc4 38. b3+ Kc5 39. b4+ 1-0

[Event "BCF-chT3S 1112 (4NCL)"]
[Site "England"]
[Date "2011.11.12"]
[Round "1.5"]
[White "Donaghay, Richard H"]
[Black "Henbest, Kevin B"]
[Result "1-0"]
[WhiteElo "1993"]
[BlackElo "1725"]
[PlyCount "113"]
[EventDate "2011.11.12"]
[EventType "team-swiss"]
[EventRounds "6"]
[EventCountry "ENG"]
[SourceTitle "EXT 2013"]
[Source "ChessBase"]
[SourceDate "2012.11.22"]
[SourceVersion "1"]
[SourceVersionDate "2012.11.22"]
[SourceQuality "1"]
[WhiteTeam "Iceni"]
[BlackTeam "Oxford III"]
[WhiteTeamCountry "ENG"]
[BlackTeamCountry "ENG"]

1. e4 c5 2. Nc3 Nc6 3. g3 g6 4. Bg2 Bg7 5. d3 Nf6 6. Be3 d6 7. Qd2 Ng4 8. Bg5 h6 9. Bf4 e5 10. Be3 Nxe3 11. Qxe3 Nd4 12. Qd2 Be6 13. Nd5 Bxd5 14. exd5 Qb6 15. c3 Nf5 16. Ne2 h5 17. h3 Bh6 18. Qc2 Qa5 19. 0-0 0-0 20. a3 Qd8 21. b4 b6 22. bxc5 bxc5 23. Rab1 Rb8 24. Rxb8 Qxb8 25. Rb1 Qc7 26. Qb3 Rc8 27. Qb7 Kg7 28. a4 c4 29. Qxc7 Rxc7 30. dxc4 Rxc4 31. Rb4 Rc5 32. Rb5 Rc7 33. a5 Ne7 34. a6 Nc8 35. Rb7 Rc5 36. f4 exf4 37. gxf4 Kf6 38. h4 Bf8 39. Ng3 Kg7 40. Ne4 Rc4 41. Ng5 Be7 42. Bh3 f5 43. Bf1 Rxc3 44. Bb5 Kg8 45. Ne6 Bxh4 46. Bc6 Rc1+ 47. Kg2 Rc2+ 48. Kf3 Rc3+ 49. Ke2 Rc2+ 50. Kd1 Ra2 51. Rb8 Rxa6 52. Rxc8+ Kf7 53. Rc7+ Kf6 54. Be8 g5 55. Rf7+ Kg6 56. Nf8+ Kh6 57. Rh7# 1-0

[Event "BCF-chT3 0910 (4NCL)"]
[Site "England"]
[Date "2010.01.16"]
[Round "3.6"]
[White "Burch, Jonathan G"]
[Black "Henbest, Kevin B"]
[Result "0-1"]
[WhiteElo "1770"]
[BlackElo "1746"]
[PlyCount "70"]
[EventDate "2009.10.24"]
[EventType "team-tourn"]
[EventRounds "11"]
[EventCountry "ENG"]
[SourceTitle "EXT 2011"]
[Source "ChessBase"]
[SourceDate "2010.11.26"]
[SourceVersion "1"]
[SourceVersionDate "2010.11.26"]
[SourceQuality "1"]
[WhiteTeam "Sussex Smart Controls"]
[BlackTeam "Oxford III"]
[WhiteTeamCountry "ENG"]
[BlackTeamCountry "ENG"]

1. d4 Nf6 2. Nf3 g6 3. Nc3 d5 4. Bf4 Nc6 5. e3 a6 6. a3 Bg7 7. Bd3 Bg4 8. h3 Bxf3 9. Qxf3 e6 10. 0-0 0-0 11. Rfe1 Rc8 12. Qe2 Ne7 13. b4 b5 14. Na2 c6 15. Nc1 Nd7 16. c3 e5 17. Bh2 e4 18. Bc2 f5 19. Qd2 g5 20. Ne2 Ng6 21. Bb3 Nf6 22. Qc2 Nh5 23. Ng3 Nxg3 24. Bxg3 f4 25. Bh2 Kh8 26. Qd2 f3 27. g4 Qd7 28. Bg3 h5 29. Red1 hxg4 30. hxg4 Qxg4 31. Qe1 Nh4 32. Kh2 Ng2 33. Qh1 Rf6 34. Qxg2 fxg2 35. Kxg2 Qf3+ 0-1

[Event "BCF-chT3 0809 (4NCL)"]
[Site "Hinckley Island"]
[Date "2009.05.03"]
[Round "10.6"]
[White "Henbest, Kevin B"]
[Black "Mapletoft, Alexander J"]
[Result "0-1"]
[WhiteElo "1795"]
[BlackElo "1925"]
[PlyCount "88"]
[EventDate "2008.10.18"]
[EventType "team-swiss"]
[EventRounds "11"]
[EventCountry "ENG"]
[SourceTitle "EXT 2010"]
[Source "ChessBase"]
[SourceDate "2010.11.25"]
[SourceVersion "1"]
[SourceVersionDate "2010.11.25"]
[SourceQuality "1"]
[WhiteTeam "Oxford III"]
[BlackTeam "Leicester II"]
[WhiteTeamCountry "ENG"]
[BlackTeamCountry "ENG"]

1. e4 e5 2. Nf3 Nc6 3. Bb5 a6 4. Ba4 Nf6 5. 0-0 Be7 6. d4 b5 7. Bb3 d6 8. a4 b4 9. a5 Bg4 10. Qd3 Bxf3 11. gxf3 Nxd4 12. Ba4+ Nd7 13. c3 bxc3 14. bxc3 Ne6 15. Bc6 Nec5 16. Qc4 Rb8 17. Be3 0-0 18. Bxd7 Nxd7 19. Qxa6 f5 20. Qc4+ Kh8 21. exf5 Rxf5 22. Qg4 Rf6 23. Kh1 Rg6 24. Qh3 Nf6 25. Nd2 Nd5 26. Rg1 Qe8 27. Ne4 Qf7 28. Rxg6 Qxg6 29. Rg1 Qf7 30. Bg5 Nf4 31. Qg4 Bxg5 32. Nxg5 Qe7 33. a6 h6 34. Ne4 d5 35. Nc5 Ne2 36. Nd7 Nxg1 37. Nxb8 Ne2 38. Qc8+ Kh7 39. Qf5+ Kh8 40. Qd3 Nf4 41. Qf1 Qc5 42. a7 Qxa7 43. Nc6 Qc5 44. Nxe5 Qxc3 0-1

[Event "BCF-chT3 0809 (4NCL)"]
[Site "Hinckley Island"]
[Date "2009.05.02"]
[Round "9.6"]
[White "Hardy Wallace, Daniel"]
[Black "Henbest, Kevin B"]
[Result "0-1"]
[WhiteElo "1250"]
[BlackElo "1795"]
[PlyCount "58"]
[EventDate "2008.10.18"]
[EventType "team-swiss"]
[EventRounds "11"]
[EventCountry "ENG"]
[SourceTitle "EXT 2010"]
[Source "ChessBase"]
[SourceDate "2010.11.25"]
[SourceVersion "1"]
[SourceVersionDate "2010.11.25"]
[SourceQuality "1"]
[WhiteTeam "Slough Sharks"]
[BlackTeam "Oxford III"]
[WhiteTeamCountry "ENG"]
[BlackTeamCountry "ENG"]

1. e4 c5 2. Nf3 d6 3. d4 cxd4 4. Nxd4 Nf6 5. Nc3 a6 6. Be2 e5 7. Nb3 Be6 8. Be3 Be7 9. 0-0 0-0 10. Bf3 Nbd7 11. a4 Rc8 12. Nd5 Nxd5 13. exd5 Bf5 14. c3 Bg6 15. a5 f5 16. Ra4 f4 17. Bc1 Nc5 18. Nxc5 Rxc5 19. Qb3 Rb5 20. Qa2 Bc2 21. Ra3 e4 22. Be2 f3 23. Bxb5 axb5 24. b4 Bd3 25. Re1 Qe8 26. Qd2 Qg6 27. g3 Qh5 28. Kh1 Qh3 29. Rg1 Bf1 0-1

[Event "BCF-chT3 0809 (4NCL)"]
[Site "Hinckley Island"]
[Date "2009.03.21"]
[Round "7.6"]
[White "Foster, Ray Ryan"]
[Black "Henbest, Kevin B"]
[Result "0-1"]
[WhiteElo "1680"]
[BlackElo "1795"]
[PlyCount "46"]
[EventDate "2008.10.18"]
[EventType "team-swiss"]
[EventRounds "11"]
[EventCountry "ENG"]
[SourceTitle "EXT 2010"]
[Source "ChessBase"]
[SourceDate "2010.11.25"]
[SourceVersion "1"]
[SourceVersionDate "2010.11.25"]
[SourceQuality "1"]
[WhiteTeam "Conquistadors"]
[BlackTeam "Oxford III"]
[WhiteTeamCountry "ENG"]
[BlackTeamCountry "ENG"]

1. e4 c5 2. Nf3 d6 3. d4 cxd4 4. Nxd4 Nf6 5. Nc3 a6 6. b3 e5 7. Nf5 Be6 8. Ba3 Bxf5 9. exf5 Qa5 10. Bb2 d5 11. a3 d4 12. b4 Qc7 13. Na2 Nc6 14. Be2 Be7 15. 0-0 0-0 16. c4 Rfd8 17. Qc2 e4 18. Qb3 d3 19. Bd1 Nd4 20. Bxd4 Rxd4 21. c5 Qf4 22. Qb2 Rad8 23. h3 Qxf5 0-1

[Event "BCF-chT4 0708 (4NCL)"]
[Site "England"]
[Date "2008.05.05"]
[Round "11.6"]
[White "Harrison, Peter K"]
[Black "Henbest, Kevin B"]
[Result "1-0"]
[WhiteElo "1915"]
[BlackElo "1785"]
[PlyCount "85"]
[EventDate "2007.09.15"]
[EventType "team-swiss"]
[EventRounds "11"]
[EventCountry "ENG"]
[SourceTitle "EXT 2009"]
[Source "ChessBase"]
[SourceDate "2008.11.26"]
[SourceVersion "1"]
[SourceVersionDate "2008.11.26"]
[SourceQuality "1"]
[WhiteTeam "Littlehorpe"]
[BlackTeam "Oxford III"]
[WhiteTeamCountry "ENG"]
[BlackTeamCountry "ENG"]

1. d4 Nf6 2. c4 g6 3. Nc3 Bg7 4. e4 d6 5. Nf3 0-0 6. Be2 e5 7. Bg5 exd4 8. Nxd4 h6 9. Be3 Bd7 10. Qd2 Kh7 11. f3 Nc6 12. Nxc6 Bxc6 13. Bd4 Bd7 14. 0-0 c5 15. Be3 Ne8 16. Rad1 f5 17. Bxc5 fxe4 18. Nxe4 Qh4 19. Bf2 Qh5 20. Bg3 Bc6 21. b4 Be5 22. Bxe5 Qxe5 23. Qd4 Qe7 24. Bd3 Rf4 25. b5 Bd7 26. Qf2 Ng7 27. Rde1 Raf8 28. Ng3 Qg5 29. Re4 h5 30. Rxf4 Rxf4 31. Ne4 Qe7 32. Qg3 Qe5 33. Ng5+ Kg8 34. Ne4 Kh7 35. Qf2 b6 36. Re1 Kh6 37. g3 Rf8 38. f4 Qf5 39. Qd4 Qg4 40. Nf2 Qf3 41. Qxd6 Bf5 42. Qxf8 Bxd3 43. Qh8# 1-0

[Event "BCF-chT4 0607 (4NCL)"]
[Site "Sunningdale"]
[Date "2007.05.28"]
[Round "11.86"]
[White "Henbest, Kevin B"]
[Black "Bryant, Kevin"]
[Result "0-1"]
[WhiteElo "1800"]
[BlackElo "1895"]
[PlyCount "114"]
[EventDate "2006.09.16"]
[EventType "team"]
[EventRounds "11"]
[EventCountry "ENG"]
[SourceTitle "EXT 2008"]
[Source "ChessBase"]
[SourceDate "2007.11.25"]
[SourceVersion "1"]
[SourceVersionDate "2007.11.25"]
[SourceQuality "1"]
[WhiteTeam "Oxford III"]
[BlackTeam "Leicester"]
[WhiteTeamCountry "ENG"]
[BlackTeamCountry "ENG"]

1. e4 d6 2. d4 Nf6 3. Nc3 g6 4. f4 Bg7 5. Nf3 c5 6. Bb5+ Bd7 7. dxc5 Bxb5 8. Nxb5 Qa5+ 9. Nc3 Nxe4 10. Bd2 Bxc3 11. Bxc3 Nxc3 12. Qd2 Qxc5 13. bxc3 Nc6 14. Nd4 Rc8 15. Kd1 0-0 16. Rb1 e5 17. Ne2 exf4 18. Nxf4 Na5 19. Nd5 Nc4 20. Ne7+ Kg7 21. Qd4+ Qxd4+ 22. cxd4 Rce8 23. Rxb7 Rb8 24. Rxb8 Rxb8 25. Ke2 Re8 26. Kd3 Nb2+ 27. Kc3 Na4+ 28. Kb4 Rxe7 29. Kxa4 Re2 30. g3 Rxc2 31. Kb3 Rd2 32. a4 Rxd4 33. a5 Rd5 34. Kb4 a6 35. Rc1 Rb5+ 36. Ka4 Rc5 37. Rb1 d5 38. Rb6 d4 39. Rxa6 Rd5 40. Rb6 d3 41. Rb1 Rd4+ 42. Kb3 Rd5 43. Kc3 Rxa5 44. Kxd3 Ra2 45. Rh1 h5 46. Ke3 Kh6 47. Kf3 Kg5 48. h3 h4 49. g4 f5 50. gxf5 Kxf5 51. Ke3 Rg2 52. Kf3 Rg3+ 53. Kf2 Kf4 54. Rh2 Rb3 55. Rg2 Rb2+ 56. Kf1 Rxg2 57. Kxg2 Ke3 0-1

[Event "BCF-chT4 0607 (4NCL)"]
[Site "Sunningdale"]
[Date "2007.05.26"]
[Round "9.106"]
[White "Henbest, Kevin B"]
[Black "Jeffries, Majid"]
[Result "0-1"]
[WhiteElo "1800"]
[BlackElo "2012"]
[PlyCount "76"]
[EventDate "2006.09.16"]
[EventType "team"]
[EventRounds "11"]
[EventCountry "ENG"]
[SourceTitle "EXT 2008"]
[Source "ChessBase"]
[SourceDate "2007.11.25"]
[SourceVersion "1"]
[SourceVersionDate "2007.11.25"]
[SourceQuality "1"]
[WhiteTeam "Oxford III"]
[BlackTeam "Poisoned Pawns II"]
[WhiteTeamCountry "ENG"]
[BlackTeamCountry "ENG"]

1. e4 c5 2. Nf3 d6 3. d4 cxd4 4. Nxd4 Nf6 5. Nc3 a6 6. f4 Qc7 7. Bd3 b5 8. a3 Bb7 9. 0-0 Qb6 10. Kh1 Nbd7 11. Be3 e6 12. Qe2 Qc7 13. Bd2 Be7 14. Rae1 Qc5 15. Nf3 Qh5 16. e5 dxe5 17. fxe5 Ng4 18. Be4 Bxe4 19. Qxe4 0-0 20. h3 Nh6 21. b4 Rfd8 22. Ne2 Rac8 23. Nf4 Qf5 24. Nd4 Qxe4 25. Rxe4 Nb6 26. Rf3 Nc4 27. Bc1 Nf5 28. Nfe2 Nxd4 29. Nxd4 Nxe5 30. Rf2 Ng6 31. Bb2 Rc4 32. c3 e5 33. Rd2 exd4 34. cxd4 Bf6 35. h4 Nxh4 36. Rde2 g6 37. Rxh4 Bxh4 38. d5 f5 0-1

[Event "BCF-chT4 0607 (4NCL)"]
[Site "Sunningdale"]
[Date "2006.12.03"]
[Round "4.5"]
[White "Henbest, Kevin B"]
[Black "Hale, Stephanie"]
[Result "1-0"]
[WhiteElo "1800"]
[BlackElo "1625"]
[PlyCount "147"]
[EventDate "2006.09.16"]
[EventType "team"]
[EventRounds "11"]
[EventCountry "ENG"]
[SourceTitle "EXT 2008"]
[Source "ChessBase"]
[SourceDate "2007.11.25"]
[SourceVersion "1"]
[SourceVersionDate "2007.11.25"]
[SourceQuality "1"]
[WhiteTeam "Oxford III"]
[BlackTeam "Guildford V"]
[WhiteTeamCountry "ENG"]
[BlackTeamCountry "ENG"]

1. e4 e5 2. Nf3 Nc6 3. Bb5 Nf6 4. 0-0 Bc5 5. c3 Nxe4 6. d4 Bb6 7. Nbd2 Nxd2 8. Qxd2 e4 9. Re1 d5 10. Ne5 Qf6 11. Qf4 Qe6 12. Qg3 0-0 13. Bf4 Nxe5 14. Bxe5 f6 15. Bxc7 Bxc7 16. Qxc7 a6 17. Ba4 f5 18. Bb3 f4 19. f3 Qg6 20. Bxd5+ Kh8 21. Bxe4 Bf5 22. Bxf5 Qxf5 23. Re7 Qf6 24. Rae1 Rab8 25. Qd7 Qg6 26. R1e6 Qd3 27. Re8 Qb5 28. Rxf8+ Rxf8 29. Qxb5 axb5 30. Re7 Rb8 31. Re5 h6 32. Rxb5 g5 33. Rb6 Kg7 34. Kf2 Re8 35. Rxb7+ Kg8 36. c4 Rd8 37. d5 Kf8 38. Ke2 Re8+ 39. Kd2 Re3 40. b4 Ra3 41. d6 Rxa2+ 42. Kd3 Ke8 43. g3 Rxh2 44. gxf4 gxf4 45. Ke4 h5 46. c5 h4 47. Kxf4 h3 48. Kg3 Rh1 49. Rh7 Rg1+ 50. Kh2 Rg2+ 51. Kxh3 Rg1 52. Kh2 Rg5 53. Rc7 Kd8 54. Kh3 Rg6 55. Kh4 Ke8 56. f4 Kd8 57. f5 Rg8 58. b5 Rg1 59. b6 Rg2 60. b7 Rh2+ 61. Kg3 Rb2 62. Rc8+ Kd7 63. c6+ Kxd6 64. b8Q+ Rxb8 65. Rxb8 Kxc6 66. Rd8 Kc7 67. Rd1 Kc6 68. f6 Kc5 69. f7 Kc4 70. f8Q Kc3 71. Qc8+ Kb2 72. Rd7 Kb3 73. Rb7+ Ka4 74. Qa8# 1-0